| 000 | 00528nam a22001697a 4500 | ||
|---|---|---|---|
| 003 | NUST - PNEC | ||
| 005 | 20170116181010.0 | ||
| 008 | 150913b xxu||||| |||| 00| 0 eng d | ||
| 020 | _a0534934129 | ||
| 040 | _cLIBRARY | ||
| 082 | _a621.395 UYE | ||
| 100 |
_910090 _aUyemura, John P. |
||
| 245 |
_aA first course in digital systems design : an integrated approach _cJohn P. Uyemura |
||
| 260 | _cC.1999 | ||
| 650 |
_910087 _aIntegrated circuits--Very large scale integration--Computer-aided design _yMIS |
||
| 942 |
_2ddc _cBK |
||
| 999 |
_c67041 _d67041 |
||